What is it about me you can't teach?: Culturally responsive instruction in deeper learning classrooms (Record no. 1397717)

MARC details
000 -LEADER
fixed length control field 00745nam a2200229Ia 4500
005 - DATE AND TIME OF LATEST TRANSACTION
control field 20250508165830.0
008 - FIXED-LENGTH DATA ELEMENTS--GENERAL INFORMATION
fixed length control field 008 250505s9999 xx 000 0 eng d
020 ## - INTERNATIONAL STANDARD BOOK NUMBER
International Standard Book Number 978-1-4739-6747-2
037 ## - SOURCE OF ACQUISITION
Stock number Reference
040 ## - CATALOGING SOURCE
Original cataloging agency FEDL
Language of cataloging eng
Transcribing agency FEDL
041 ## - LANGUAGE CODE
Language code of text/sound track or separate title eng
Source of code eng
084 ## - COLON CLASSIFICATION NUMBER
Classification number 370.117, REN/RR
Assigning agency FEDL
100 ## - MAIN ENTRY--PERSONAL NAME
Personal name Rodriguez Eleanor Renee
9 (RLIN) 782115
245 #0 - TITLE STATEMENT
Title What is it about me you can't teach?: Culturally responsive instruction in deeper learning classrooms
250 ## - EDITION STATEMENT
Edition statement 3
260 ## - PUBLICATION, DISTRIBUTION, ETC.
Place of publication, distribution, etc. Thousand Oaks, Calfornia
Name of publisher, distributor, etc. Corwin Press
Date of publication, distribution, etc. 2017
300 ## - PHYSICAL DESCRIPTION
Extent xx, 303p.
365 ## - TRADE PRICE
Price type code USD
Price amount 43.95
700 ## - ADDED ENTRY--PERSONAL NAME
Personal name Bellanca James Esparza Deborah Rosalia
9 (RLIN) 782116
942 ## - ADDED ENTRY ELEMENTS (KOHA)
Koha item type Reference
Classification part 370.117, REN/RR
Holdings
Withdrawn status Lost status Damaged status Not for loan Home library Current library Date acquired Cost, normal purchase price Total Checkouts Full call number Barcode Date last seen Price effective from Koha item type
        Department of Education Library Department of Education Library 2025-05-08 43.95   370.117, REN/RR EL0091376 2025-05-08 2025-05-08 Reference
Copyright @ Delhi University Library System